Online katalóg knižníc regiónu Turca

Miška a jej malí pacienti (Record no. 21878)

MARC details
000 -LEADER
fixed length control field 02047cam a2200505 4500
001 - CONTROL NUMBER
control field 21878
003 - CONTROL NUMBER IDENTIFIER
control field VRT
005 - DATE AND TIME OF LATEST TRANSACTION
control field 20260313141744.0
008 - FIXED-LENGTH DATA ELEMENTS--GENERAL INFORMATION
fixed length control field 230501s2021 xo a br 000 j slo
015 ## - NATIONAL BIBLIOGRAPHY NUMBER
National bibliography number SNBA2022/02
020 ## - INTERNATIONAL STANDARD BOOK NUMBER
International Standard Book Number 9788055179346
Qualifying information (viazané)
035 ## - SYSTEM CONTROL NUMBER
System control number urn:nbn:sk:snk-am00idtc
035 ## - SYSTEM CONTROL NUMBER
System control number A87AC548-79A3-41E2-874C-E7054733188C
039 #9 - LEVEL OF BIBLIOGRAPHIC CONTROL AND CODING DETAIL [OBSOLETE]
Level of rules in bibliographic description 202305011903
Level of effort used to assign nonsubject heading access points VLOAD
Level of effort used to assign subject headings 202304281504
Level of effort used to assign classification VLOAD
Level of effort used to assign subject headings 202304191051
Level of effort used to assign classification csnk01
Level of effort used to assign subject headings 202202221417
Level of effort used to assign classification msnk167
040 ## - CATALOGING SOURCE
Original cataloging agency SNK
Language of cataloging slo
Transcribing agency SNK
Modifying agency SNK
Description conventions rda
041 1# - LANGUAGE CODE
Language code of text/sound track or separate title slo
Language code of original pol
044 ## - COUNTRY OF PUBLISHING/PRODUCING ENTITY CODE
MARC country code xo
ISO country code SK
072 #7 - SUBJECT CATEGORY CODE
Subject category code 821.162.1
Subject category code subdivision Poľská literatúra
Source konspekt
072 #7 - SUBJECT CATEGORY CODE
Subject category code 82-93
Subject category code subdivision Literatúra pre deti a mládež (beletria)
Source konspekt
080 ## - UNIVERSAL DECIMAL CLASSIFICATION NUMBER
Universal Decimal Classification number 821.162.1-32
Edition identifier 2011
080 ## - UNIVERSAL DECIMAL CLASSIFICATION NUMBER
Universal Decimal Classification number 82-93-053.4/.5
Edition identifier 2011
100 1# - MAIN ENTRY--PERSONAL NAME
Personal name Cholewińska-Szkolik, Aniela
Relationship aut
240 10 - UNIFORM TITLE
Uniform title Misia i jej mali pacjenci: Świateczne opowieści
Language of a work Slovensky
245 10 - TITLE STATEMENT
Title Miška a jej malí pacienti
Number of part/section of a work 10
Name of part/section of a work Vianočné príbehy
Statement of responsibility, etc. Aniela Cholewińská-Szkoliková ; ilustrovala Agnieszka Filipowská ; z poľského originálu Misia i jej mali pacjenci: Świateczne opowieści ... preložila Silvia Kaščáková
246 30 - VARYING FORM OF TITLE
Title proper/short title Vianočné príbehy
250 ## - EDITION STATEMENT
Edition statement Prvé vydanie
264 #1 - PRODUCTION, PUBLICATION, DISTRIBUTION, MANUFACTURE, AND COPYRIGHT NOTICE
Place of production, publication, distribution, manufacture Bratislava
Name of producer, publisher, distributor, manufacturer Ikar, a.s. - Stonožka
Date of production, publication, distribution, manufacture, or copyright notice 2021
300 ## - PHYSICAL DESCRIPTION
Extent 45 strán
Other physical details farebné ilustrácie
Dimensions 25 cm
336 ## - CONTENT TYPE
Content type term text
Content type code txt
Source rdacontent
336 ## - CONTENT TYPE
Content type term statický obraz
Content type code sti
Source rdacontent
337 ## - MEDIA TYPE
Media type term bez média
Media type code n
Source rdamedia
338 ## - CARRIER TYPE
Carrier type term zväzok
Carrier type code nc
Source rdacarrier
521 8# - TARGET AUDIENCE NOTE
Target audience note Pre deti od 4 rokov
655 #7 - INDEX TERM--GENRE/FORM
Genre/form data or focus term poľské príbehy
Source of term SNKPH
655 #7 - INDEX TERM--GENRE/FORM
Genre/form data or focus term literatúra pre deti
Source of term SNKPH
655 #7 - INDEX TERM--GENRE/FORM
Genre/form data or focus term Polish stories
Source of term SNKPHeng
655 #7 - INDEX TERM--GENRE/FORM
Genre/form data or focus term Children's literature
Source of term SNKPHeng
700 1# - ADDED ENTRY--PERSONAL NAME
Personal name Filipowska, Agnieszka
Relationship ill
700 1# - ADDED ENTRY--PERSONAL NAME
Personal name Kaščáková, Silvia,
Dates associated with a name 1976-
Relationship trl
787 08 - OTHER RELATIONSHIP ENTRY
Relationship information Zo série:
Title Miška a jej malí pacienti
Related parts 10
942 ## - ADDED ENTRY ELEMENTS (KOHA)
Source of classification or shelving scheme Dewey Decimal Classification
Koha item type Krásna literatúra pre deti
Suppress in OPAC No
949 ## - LOCAL PROCESSING INFORMATION (OCLC)
6 17A1478366
a snkSC 185661/10
b snk2022/982
o 2146/2021
s 6100:20220318
949 ## - LOCAL PROCESSING INFORMATION (OCLC)
6 17A1478365
a snkSC 185661/10 D1
b snk2022/983
o 2146/2021
Holdings
Stav vyradenia Strata Poškodenie Spôsob nadobudnutia Domovská knižnica Aktuálna knižnica Dátum nadobudnutia Total checkouts Čiarový kód exemplára Date last seen Date last checked out Typ exemplára
      Dar Obecná knižnica Horná Štubňa Obecná knižnica Horná Štubňa 13.03.2026 1 9788055179346 14.04.2026 16.03.2026 Krásna literatúra pre deti
Projekt je podporený Slovenskou asociáciou knižníc
Prevádzkuje Turčianska knižnica Martin 2026